| 000 | 01058nam a22002417a 4500 | ||
|---|---|---|---|
| 003 | OSt | ||
| 005 | 20250902062520.0 | ||
| 008 | 240911b ||||| |||| 00| 0 eng d | ||
| 040 | _c0 | ||
| 082 | _aDPer 621.317 Ie21 December 2022 v.37 n. 12 part 1&2. | ||
| 100 |
_aHolakooie, Mohammad Hosein. _eauthor. _960773 |
||
| 245 |
_aFive-dimensional switching-table-based direct torque control of six-phase drives / _cMohammad Hosein Holakooie, Grzegorz Iwanski, and Tomasz Miazga. |
||
| 260 |
_aNew York ; _bThe Institute of Electrical and Electronics Engineers, Inc., _cDecember 2022. |
||
| 300 |
_avolume 37, pages 15260-15271, _billustration. |
||
| 500 | _aIEEE Transactions on Power Electronics, v. 37 n. 12, pages 15260-15271, December 2022. | ||
| 650 | 0 |
_a 5-D switching table. _966236 |
|
| 650 | 0 |
_aDirect torque control (DTC). _966237 |
|
| 650 | 0 |
_asix-phase drive. _966238 |
|
| 700 |
_aHolakooie, Mohammad Hosein. _eauthor. _960773 |
||
| 700 |
_aIwanski, Grzegorz. _eauthor. _960774 |
||
| 700 |
_aMiazga, Tomasz. _eauthor. _960775 |
||
| 942 |
_2ddc _cPER |
||
| 999 |
_c21522 _d21522 |
||